000 00888nam a22002777a 4500
003 CHAP
005 20220817042355.0
008 971013s1977 r 00010 d
010 _a42716
011 _a43688
035 _a47824
040 _cCHAP
082 _a635.92
_bE8
110 _aEspaƱa. Ministerio de Agricultura
_937710
245 _aDiez temas sobre plantas ornamentales
260 _aMadrid :
_bEl Ministerio,
_c1977
300 _a219 p.
_b: ilus.
590 _aBATCH-UPD
_b10
_c20130110
_lUCH01
_h2042
590 _aCONVERSION
_b10
_c20130109
_lUCH01
_h1323
650 1 4 _aPlantas ornamentales.
901 _aBK
942 _cLIBRO
949 _a635.92 E8
_bBC
_cLIBRO
_d-108559
_eLIBRO
_h45590
_i47824
_si
_t140.00
949 _a635.92 E8
_bBC
_cLIBRO
_d-108562
_eLIBRO
_fc.3
_h6809
_i47824
_si
_t140.00
949 _a635.92 E8
_bBC
_cLIBRO
_d-108563
_eLIBRO
_fc.4
_h51287
_i47824
_si
_t140.00
999 _c42716
_d42716